Physiotherapy / A Psychosocial Approach (Record no. 5727)
[ view plain ]
| 000 -LEADER | |
|---|---|
| fixed length control field | 01630cam a22002054a 4500 |
| 005 - ΗΜΕΡΟΜΗΝΙΑ ΚΑΙ ΩΡΑ ΤΕΛΕΥΤΑΙΑΣ ΕΝΗΜΕΡΩΣΗΣ | |
| Πεδίο ελέγχου | 20250605164220.0 |
| 008 - FIXED-LENGTH DATA ELEMENTS--GENERAL INFORMATION | |
| Πεδίο ελέγχου σταθερού μήκους | 250528s ||||||||||||||||||||||||d |
| 035 ## - SYSTEM CONTROL NUMBER | |
| System control number | 20638 |
| 020 ## - ISBN | |
| ISBN | 750601760 |
| 040 ## - ΠΗΓΗ ΚΑΤΑΛΟΓΟΓΡΑΦΗΣΗΣ | |
| Φορέας πρωτότυπης καταλογογράφησης | MC Athens Campus Library |
| Γλώσσα καταλογογράφησης | Ελληνικά, Μοντέρνα (1453-) |
| Modifying agency | MC Athens Campus Library |
| Κανόνες περιγραφικής καταλογογράφησης | AACR2 |
| 245 1# - ΤΙΤΛΟΣ ΚΑΙ ΔΗΛΩΣΗ ΥΠΕΥΘΥΝΟΤΗΤΑΣ | |
| Τίτλος | Physiotherapy / A Psychosocial Approach |
| 250 ## - EDITION STATEMENT | |
| Edition statement | 1st |
| 260 ## - PUBLICATION, DISTRIBUTION, ETC. | |
| Name of publisher, distributor, etc. | Butterworth Heinemann, |
| Date of publication, distribution, etc. | 1992 |
| 300 ## - PHYSICAL DESCRIPTION | |
| Extent | 422 |
| 520 ## - SUMMARY, ETC. | |
| Summary, etc. | This contemporary new text draws together contributions from the fields of psychology and sociology and applies them to physiotherapy practice. Preface, Society and the Changing Nature of Illness and Disease, Inequalities in Health, Sex and Gender and Health Care, Ethnicity and Health and Health Care, Ageism, Institutional or Community Living?, Ethical Decision-Making in Physiotherapy, Communication in Physiotherapy Practice, Clinical Interviewing, The Psychology and Sociology of Pain, Why Do People Become Patients?, Stress: Its Relation to Illness and Hospitalization and Work, Health and Health Education and Physiotherapy Practice, Defining Disability and Its Implications for Physiotherapy Practice, Death and Dying and Bereavement, Lay Beliefs about Health and Illness, Psychological Development of the Child: Its Implications for Physiotherapy Practice, Growing Older: Changes in Mental Performance, Teaching and Learning in the Clinical Setting, Psychological Aspects of Sports Injuries and Overtraining, Addiction, Psychophysiological and Somatoform Disorders, Cognitive and Perceptual Deficits Following Brain Damage, Index. |
| 700 1# - ΠΡΟΣΘΕΤΗ ΑΝΑΓΡΑΦΗ--ΦΥΣΙΚΟ ΠΡΟΣΩΠΟ | |
| Personal name | French Sally |
| 9 (RLIN) | 6156 |
| 942 ## - ADDED ENTRY ELEMENTS (KOHA) | |
| Koha item type | Books |
| Τύπος τεκμηρίου | Βιβλιοθήκη | Τρέχουσα τοποθεσία | Barcode | Αριθμός εισαγωγής | Ημερομηνία απόκτησης | Ταξιθετικό σύμβολο | Αριθμός αντιτύπου | Κατάσταση απόσυρσης | Κατάσταση χαμένου | Κατάσταση κατεστραμμένου | Μη δανεισμός | Σύνολο δανεισμών | Ημερομηνία τελευταίας εμφάνισης | Η τιμή ισχύει από |
|---|---|---|---|---|---|---|---|---|---|---|---|---|---|---|
| Books | MC Athens Campus Library | MC Athens Campus Library | 9780000057266 | 7233 | 05/06/2025 | 362.178 FRE | 2 | 05/06/2025 | 05/06/2025 |